| Tag |
First Indicator |
Second Indicator |
Subfields |
| LEADER |
00000cam a2200000Ia 4500 |
| 001 |
in00004601521 |
| 006 |
m o d |
| 007 |
cr cn||||||||| |
| 008 |
030402s2002 maua ob 001 0 eng d |
| 005 |
20221121162506.6 |
| 035 |
|
|
|a (MaCbMITP)2464
|
| 040 |
|
|
|a OCoLC-P
|b eng
|e pn
|c OCoLC-P
|
| 020 |
|
|
|a 0585442673
|q (electronic bk.)
|
| 020 |
|
|
|a 9780585442679
|q (electronic bk.)
|
| 020 |
|
|
|a 0262083051
|q (hc. ;
|q alk. paper)
|
| 020 |
|
|
|a 9780262083058
|q (hc. ;
|q alk. paper)
|
| 020 |
|
|
|a 0262256355
|q (electronic bk.)
|
| 020 |
|
|
|a 9780262256353
|q (electronic bk.)
|
| 035 |
|
|
|a (OCoLC)51958257
|z (OCoLC)243590671
|z (OCoLC)532372096
|z (OCoLC)743198099
|z (OCoLC)815776299
|z (OCoLC)827012524
|z (OCoLC)961651667
|z (OCoLC)962672390
|z (OCoLC)992018071
|z (OCoLC)1007372440
|z (OCoLC)1020536082
|z (OCoLC)1053038931
|
| 035 |
|
|
|a (OCoLC-P)51958257
|
| 050 |
|
4 |
|a HD51
|b .D57 2002eb
|
| 072 |
|
7 |
|a BUS
|x 019000
|2 bisacsh
|
| 082 |
0 |
4 |
|a 658.4/036
|2 21
|
| 245 |
0 |
0 |
|a Distributed work /
|c edited by Pamela Hinds and Sara Kiesler.
|
| 260 |
|
|
|a Cambridge, Mass. :
|b MIT Press,
|c ©2002.
|
| 300 |
|
|
|a 1 online resource (xviii, 475 pages) :
|b illustrations
|
| 336 |
|
|
|a text
|b txt
|2 rdacontent
|
| 337 |
|
|
|a computer
|b c
|2 rdamedia
|
| 338 |
|
|
|a online resource
|b cr
|2 rdacarrier
|
| 520 |
|
|
|a Multidisciplinary research on dynamics, problems, and potential of distributed work.
|
| 588 |
|
|
|a OCLC-licensed vendor bibliographic record.
|
| 650 |
|
0 |
|a Division of labor.
|
| 650 |
|
0 |
|a International division of labor.
|
| 650 |
|
0 |
|a Teams in the workplace.
|
| 650 |
|
0 |
|a Communication in management
|x Technological innovations.
|
| 650 |
|
0 |
|a Computer networks.
|
| 650 |
|
0 |
|a Globalization.
|
| 653 |
|
|
|a INFORMATION SCIENCE/Technology & Policy
|
| 655 |
|
7 |
|a Electronic books.
|2 local
|
| 700 |
1 |
|
|a Hinds, Pamela.
|
| 700 |
1 |
|
|a Kiesler, Sara,
|d 1940-
|
| 856 |
4 |
0 |
|u http://proxy.library.tamu.edu/login?url=https://doi.org/10.7551/mitpress/2464.001.0001?locatt=mode:legacy
|z Connect to the full text of this electronic book
|t 0
|
| 955 |
|
|
|a MIT D2O ebooks
|
| 999 |
f |
f |
|s 09275eea-04d3-40ab-9a1e-61bc33317126
|i 9c551917-09b9-4394-a5f1-767e8270adb2
|t 0
|
| 952 |
f |
f |
|a Texas A&M University
|b College Station
|c Electronic Resources
|d Available Online
|t 0
|e HD51 .D57 2002eb
|h Library of Congress classification
|
| 998 |
f |
f |
|a HD51 .D57 2002eb
|t 0
|l Available Online
|